Catálogo
 En Linea

Amor o muerte / (Registro nro. 27994)

Detalles MARC
000 -CABECERA
campo de control de longitud fija 00501nam a2200157 a 4500
001 - NÚMERO DE CONTROL
campo de control 000028502
005 - FECHA Y HORA DE LA ÚLTIMA TRANSACCIÓN
campo de control 20240305125629.0
008 - DATOS DE LONGITUD FIJA--INFORMACIÓN GENERAL
campo de control de longitud fija 110408s1989 dr a 000 p spa d
040 ## - FUENTE DE LA CATALOGACIÓN
Centro catalogador/agencia de origen DO-SdBNP
Lengua de catalogación spa
Centro/agencia transcriptor BNPHU
082 ## - NÚMERO DE LA CLASIFICACIÓN DECIMAL DEWEY
Número de clasificación xxx
Número de documento/Ítem M491a
100 1# - ENTRADA PRINCIPAL--NOMBRE DE PERSONA
Nombre de persona Medina, Rafael Hilario,
Fechas asociadas al nombre 1959-
9 (RLIN) 20618
245 10 - MENCIÓN DE TÍTULO
Título Amor o muerte /
Mención de responsabilidad, etc. Rafael Hilario Medina ; prólogo Aquiles Julián.
260 ## - PUBLICACIÓN, DISTRIBUCIÓN, ETC.
Lugar de publicación, distribución, etc. Santo Domingo :
Nombre del editor, distribuidor, etc. Drake,
Fecha de publicación, distribución, etc. 1989.
300 ## - DESCRIPCIÓN FÍSICA
Extensión 34 p. :
Otras características físicas il. ;
Dimensiones 21 cm.
700 1# - PUNTO DE ACCESO ADICIONAL--NOMBRE DE PERSONA
Nombre de persona Julián, Aquiles
Fechas asociadas al nombre 1953-
Término indicativo de función/relación pról.
9 (RLIN) 23587
Existencias
Estado de retiro Estado de pérdida No para préstamo Código de colección Localización permanente Ubicación/localización actual Ubicación en estantería Fecha de adquisición Número de inventario Total de préstamos Signatura topográfica completa Código de barras Fecha visto por última vez Precio válido a partir de Tipo de ítem Koha
    Excluido de préstamo Patrimonio Dominicano Patrimonio Dominicano Patrimonio Dominicano En catalogación 08.04.2011 LF1   xxx M491a 28502-10 25.06.2020 25.06.2020 Libro y Folleto Colección Patrimonio Dominicano

Con tecnología Koha